Solidaridad : voz de la insurgencia obrera y popular : Organo del Sindicato de Trabajadores Electricistas de la República Mexicana : número 72, tercera época, julio 15 de 1972 /

Guardado en:
Detalles Bibliográficos
Autor corporativo: Sindicato de Trabajadores Electricistas de la República Mexicana
Otros autores: Galván, Rafael (dirección) (dirección), Martínez de la Vega, Francisco (dirección) (dirección), Peña, Rodolfo F. (dirección) (dirección)
Formato: Libro
Idioma:Español
Publicado: México : Sindicato de Trabajadores Electricistas de la República Mexicana, 1972
Colección:(Solidaridad. Organo del Sindicato de Trabajadores Electricistas de la República Mexicana ; 3/72)
(Solidaridad. Organo del Sindicato de Trabajadores Electricistas de la República Mexicana ; 3/73)
(Solidaridad. Organo del Sindicato de Trabajadores Electricistas de la República Mexicana ; 3/74)
(Solidaridad. Organo del Sindicato de Trabajadores Electricistas de la República Mexicana ; 3/75)
(Solidaridad. Organo del Sindicato de Trabajadores Electricistas de la República Mexicana ; 3/76)
(Solidaridad. Organo del Sindicato de Trabajadores Electricistas de la República Mexicana ; 3/77)
(Solidaridad. Organo del Sindicato de Trabajadores Electricistas de la República Mexicana ; 3/78)
(Solidaridad. Organo del Sindicato de Trabajadores Electricistas de la República Mexicana ; 3/80)
(Solidaridad. Organo del Sindicato de Trabajadores Electricistas de la República Mexicana ; 3/81)
(Solidaridad. Organo del Sindicato de Trabajadores Electricistas de la República Mexicana ; 3/82)
Temas:
Etiquetas: Agrega una etiqueta
Sin etiquetas, Sé el primero en etiquetar este registro!

MARC

LEADER 00000nam^a2200000^a^4500
001 000630293
005 20260410000000.0
009 20260410195519.152
037 |a Acervo ITESO - Biblioteca 
041 |a ESP 
082 |a 333. 79320972  |b SOL S. 3 V. 72-82 
110 |a Sindicato de Trabajadores Electricistas de la República Mexicana 
240 1 1 |a [Solidaridad: Organo del Sindicato de Trabajadores Electricistas de la República Mexicana] 
245 1 0 |a Solidaridad :  |b voz de la insurgencia obrera y popular : Organo del Sindicato de Trabajadores Electricistas de la República Mexicana : número 72, tercera época, julio 15 de 1972 /  |c STERM ; dir. de R. Galván, F. Martínez de la Vega, R.F. Peña. 
264 1 |a México :  |b Sindicato de Trabajadores Electricistas de la República Mexicana,  |c 1972 
300 |a [462] p. 
336 |a texto  |b txt  |2 rdacontenido 
337 |a sin mediación  |b n  |2 rdamedio 
338 |a volumen  |b nc  |2 rdasoporte 
440 1 |a (Solidaridad. Organo del Sindicato de Trabajadores Electricistas de la República Mexicana ;  |v 3/72) 
440 1 |a (Solidaridad. Organo del Sindicato de Trabajadores Electricistas de la República Mexicana ;  |v 3/73) 
440 1 |a (Solidaridad. Organo del Sindicato de Trabajadores Electricistas de la República Mexicana ;  |v 3/74) 
440 1 |a (Solidaridad. Organo del Sindicato de Trabajadores Electricistas de la República Mexicana ;  |v 3/75) 
440 1 |a (Solidaridad. Organo del Sindicato de Trabajadores Electricistas de la República Mexicana ;  |v 3/76) 
440 1 |a (Solidaridad. Organo del Sindicato de Trabajadores Electricistas de la República Mexicana ;  |v 3/77) 
440 1 |a (Solidaridad. Organo del Sindicato de Trabajadores Electricistas de la República Mexicana ;  |v 3/78) 
440 1 |a (Solidaridad. Organo del Sindicato de Trabajadores Electricistas de la República Mexicana ;  |v 3/80) 
440 1 |a (Solidaridad. Organo del Sindicato de Trabajadores Electricistas de la República Mexicana ;  |v 3/81) 
440 1 |a (Solidaridad. Organo del Sindicato de Trabajadores Electricistas de la República Mexicana ;  |v 3/82) 
501 |a Encuadernación particular 
567 |a Catalogación rápida 
649 |a XX 
650 |a Sindicato de Trabajadores Electricistas de la República Mexicana -  |x Publicaciones Periódicas -  |x Tema Principal 
650 |a Sindicalismo -  |z México -  |x Publicaciones Periódicas -  |x Tema Principal 
650 |a Sindicalismo -  |z México 
650 |a Industria Eléctrica -  |z México -  |x Publicaciones Periódicas -  |x Tema Principal 
650 |a Industria Eléctrica -  |z México 
650 |a Política Energética -  |z México -  |x Historia -  |y 1970-1976 
650 |a Política Energética -  |z México -  |x Historia -  |y Siglo XX 
650 |a Política -  |z México -  |x Historia -  |y 1970-1976 
650 |a Política -  |z México -  |x Historia -  |y Siglo XX 
650 |a Política -  |x Publicaciones Periódicas Mexicanas 
650 |a Publicaciones Periódicas Mexicanas 
650 |a Publicaciones Periódicas 
700 |a Galván, Rafael  |e (dirección) 
700 |a Martínez de la Vega, Francisco  |e (dirección) 
700 |a Peña, Rodolfo F.  |e (dirección) 
740 0 |a Solidaridad :  |b voz de la insurgencia obrera y popular : Organo del Sindicato de Trabajadores Electricistas de la República Mexicana : número 73, tercera época, julio 31 de 1972 /  |c STERM ; dir. de R. Galván, F. Martínez de la Vega, R.F. Peña. 
740 0 |a Solidaridad :  |b voz de la insurgencia obrera y popular : Organo del Sindicato de Trabajadores Electricistas de la República Mexicana : número 74, tercera época, agosto 15 de 1972 /  |c STERM ; dir. de R. Galván, F. Martínez de la Vega, R.F. Peña. 
740 0 |a Solidaridad :  |b voz de la insurgencia obrera y popular : Organo del Sindicato de Trabajadores Electricistas de la República Mexicana : número 75, tercera época, agosto 31 de 1972 /  |c STERM ; dir. de R. Galván, F. Martínez de la Vega, R.F. Peña. 
740 0 |a Solidaridad :  |b voz de la insurgencia obrera y popular : Organo del Sindicato de Trabajadores Electricistas de la República Mexicana : número 76, tercera época, septiembre 15 de 1972 /  |c STERM ; dir. de R. Galván, F. Martínez de la Vega, R.F. Peña. 
740 0 |a Solidaridad :  |b voz de la insurgencia obrera y popular : Organo del Sindicato de Trabajadores Electricistas de la República Mexicana : número 77, tercera época, septiembre 30 de 1972 /  |c STERM ; dir. de R. Galván, F. Martínez de la Vega, R.F. Peña. 
740 0 |a Solidaridad :  |b voz de la insurgencia obrera y popular : Organo del Sindicato de Trabajadores Electricistas de la República Mexicana : número 78, tercera época, octubre 31 de 1972 /  |c STERM ; dir. de R. Galván, F. Martínez de la Vega, R.F. Peña. 
740 0 |a Solidaridad :  |b voz de la insurgencia obrera y popular : Organo del Sindicato de Trabajadores Electricistas de la República Mexicana : número 80, tercera época, noviembre 15 de 1972 /  |c STERM ; dir. de R. Galván, F. Martínez de la Vega, R.F. Peña. 
740 0 |a Solidaridad :  |b voz de la insurgencia obrera y popular : Organo del Sindicato de Trabajadores Electricistas de la República Mexicana : número 81, tercera época, noviembre 30 de 1972 /  |c STERM ; dir. de R. Galván, F. Martínez de la Vega, R.F. Peña. 
740 0 |a Solidaridad :  |b voz de la insurgencia obrera y popular : Organo del Sindicato de Trabajadores Electricistas de la República Mexicana : número 82, tercera época, diciembre 1972 /  |c STERM ; dir. de R. Galván, F. Martínez de la Vega, R.F. Peña. 
740 0 |a Solidaridad :  |b voz de la insurgencia obrera y popular : Organo del Sindicato de Trabajadores Electricistas de la República Mexicana : número extraordinario /  |c STERM ; dir. de R. Galván, F. Martínez de la Vega, R.F. Peña. 
910 |a Fondo Castillo-Martínez 
920 |a Impresos - Libros 
930 |a Fondos Especiales 
905 |a 127 
901 |a 630293-10  |b IT2  |c ESP  |i D128742  |u 20260410 
902 |a https://opac.biblio.iteso.mx/vufind/Record/000630293